Film Allgemeinwissen Quiz #5 - Statistiken

Allgemein
  • Dieses Quiz wurde 170 mal gespielt
  • Das Durchschnittsergebnis liegt bei 11 aus 20
Antwortstatistiken
Frage Antwort % Korrekt
Wie heißt die Science-Fiction-Filmreihe, die von George Lucas erfunden wurde und mittlerweile neun Hauptteile umfasst? Star Wars
89%
Welche Figur wurde bereits von Schauspielern wie Jack Nicholson, Heath Ledger und Joaquin Phoenix verkörpert? Joker
87%
Welche Figur ist bekannt für den Satz "Mein Schatz!"? Gollum
79%
Welche Videospielfigur wurde in den Realverfilmungen bereits von Angelina Jolie und Alicia Vikander verkörpert? Lara Croft
78%
Wie ist der Name des Blutsbruders von Old Shatterhand, der gleichzeitig der Häuptling der Apachen ist? Winnetou
77%
Wie nennt man einen Film, der über das Leben einer Person bzw. einer Personengruppe erzählt? Biografie
73%
Welches blonde Sexsymbol hatte die Hauptrolle in dem Film "Manche mögen's heiß"? Marilyn Monroe
71%
Aus welcher Filmreihe kennt man die von Scarlett Johansson gespielte Black Widow? MCU
65%
Wie heißt die Ex-Frau von Kermit dem Frosch? Miss Piggy
63%
Wie heißt das Sequel von "Keinohrhasen"? Zweiohrküken
63%
Wie heißt der Hauptdarsteller der Komödie "Und täglich grüßt das Murmeltier"? Bill Murray
49%
Wie ist der Name des Häuptlings der Gallier in den "Asterix"-Filmen? Majestix
49%
Welcher Regisseur ist bekannt für Filme wie "Memento", "Dunkirk" und "Oppenheimer"? Christopher Nolan
48%
Wer schrieb die Vorlagen der Disney-Filme "Arielle, die Meerjungfrau" und "Die Eiskönigin"? Hans Christian Andersen
46%
Von wem ist Kater Karlo der Erzfeind? Micky Maus
44%
Um welche religiöse Figur drehen sich die Filme "Der Prinz von Ägypten" und "Exodus: Götter und Könige"? Moses
43%
Wie heißt die Darstellerin der Hauptantagonistin im Erotikthriller "Basic Instinct"? Sharon Stone
36%
Welcher kontroverse deutsche Comedian war Regisseur, Drehbuchautor und Hauptdarsteller der 2009 erschienenen Filmkomödie "Männersache" Mario Barth
34%
Welcher berühmte Schrei, der in vielen Filmen wie "Star Wars", "Toy Story" und "Der Herr der Ringe" eingebaut wurde, stammt ursprünglich aus dem Film "Die Teufelsbrigade", in der ein Mann den Schrei ausstößt, als er von einem Alligator gefressen wird? Wilhelmsschrei
26%
Wer spielte die Hauptrolle im Actionfilm "Die City-Cobra"? Sylvester Stallone
16%
Keine übereinstimmenden Quizze gefunden
Verteilung der Resultate
Anzahl Personen mit jedem Resultat
Perzentil nach korrekt beantworteten Fragen
Ihre Resultats-Entwicklung
Sie haben dieses Quiz noch nicht gespielt